000 00620nam a22002177a 4500
003 UA-OsUOA
001 82295
007 ta
008 20120228b un ||||| |||| 00| 0 ukr d
100 _aДаниляк П.
090 _a82
_bД18
942 _cSA
040 _aUA-OsUOA
_bukr
_cUA-OsUOA
_dUA-OsUOA
245 _aЗигмунд Красінський на Поділлі. До 200-річчя видатного польського поета
300 _aС.11
955 _a0
041 _aukr
080 _a82
773 0 _w82292
650 7 _a82 Література. Літературознавство
_2UDC
999 _c368605
_d368605